History Quiz

Random History or Clickable Quiz

Wars and Uprisings by Leaders Quiz Stats

 Plays Quiz Updated Jun 20, 2015

Challenge
Share
Tweet
Embed
Score 0/29 Timer 06:00
13 Plays Today
% Correct
American Civil War
91.2%
Iraq War
91.1%
American Revolution
88.6%
Russian Civil War
88%
Vietnam War
88%
Chinese Civil War
87.2%
Mongol Conquests
86.6%
World War II
85.1%
Great Sioux War of 1876
84.3%
Wars of Scottish Independence
83%
Bosnian War
79.4%
Crusades
78.8%
Yom Kippur War
78.4%
World War I
77.6%
Greco-Persian Wars
76%
% Correct
Mexican-American War
75.9%
Spanish Civil War
74.1%
Punic Wars
71.4%
Inca Civil War
71%
Mexican Revolution
70.8%
Franco-Prussian War
70.1%
Hundred Years' War
68.5%
War of 1812
66.1%
Gallic Wars
65.6%
Peruvian War of Independence
60.8%
Great Northern War
56.5%
Crimean War
53.6%
Thirty Years' War
41.7%
War of the Spanish Succession
31.7%

You're not logged in!

Compare scores with friends on all Sporcle quizzes.
OR
Log In

You Might Also Like...

Show Comments

Extras

Top Quizzes Today


Score Distribution

Your Account Isn't Verified!

In order to create a playlist on Sporcle, you need to verify the email address you used during registration. Go to your Sporcle Settings to finish the process.

Report this User

Report this user for behavior that violates our Community Guidelines.

Details: